000 00972nam a2200217Ia 4500
003 OSt
005 20240326142133.0
007 ca aa aaaaa
008 201103s9999 xx 000 0 und d
040 _cost
041 _abur
082 _a၂၉၄.၃၄၄၃
_bမိုး
100 _a မိုးကုတ်ဆရာတော်ဘုရားကြီး
245 1 0 _aအလှူ၊ လှူတယ်ဆိုတာကိုယ်ရတာ /
_cမိုးကုတ်ဆရာတော်ဘုရားကြီး(၁၅-၁၂-၁၉၆၁)။
260 _aရန်ကုန် ၊
_bမိုးကုတ်ဝိပဿနာတရားစဉ်နှင့်လုပ်ငန်းစဉ်ပြန့်ပွားရေးအဖွဲ့၊
_c၁၉၆၁။
300 _a၆၀ စာမျက်နှာ ၊
_c၁၈ စင်တီ။
500 _aS-SAT: Prof. Sai Aung Tun
942 _cBK1
_2ddc
942 _2ddc
942 _2ddc
999 _c16857
_d16857